000 00536nam a22001937a 4500
005 20140811151547.0
010 _aENG-110326
020 _a9789350623213
_c395.00
035 _aEN-93858
037 _bDBAD/PUB
082 _a658.1511
100 _aVij, Madhu
245 _aManagement accounting /
_cby Madhu Vij
260 _aNew Delhi
_bExcel Books
_c2013
270 _aA-45, Naraina, Phase I
_bNew Delhi
_e110028
300 _axii,652p.
_c28cm(pbk)
500 _aIncludes index
942 _2ddc
_cEN
_mVIJ
_h658.1511
999 _c86256
_d86256